Najlepsi strzelcy Niemiec na MŚ w piłce nożnej. - Statystyki

Ogólne statystyki
  • Ten quiz został rozwiązany 43 razy
  • Średni wynik to 6 z 19
Statystyki odpowiedzi
Gole Udział w MŚ Odpowiedź % Poprawnych
16 2002-2014 Miroslav Klose
98%
14 1970-1974 Gerd Muller
80%
5 2006-2014 Lukas Podolski
78%
10 2010-2022 Thomas Muller
78%
5 1966-1974 Franz Beckenbauer
49%
11 1990-1998 Jurgen Klinsmann
46%
6 1982-1998 Lothar Matthaus
41%
8 1986-1994 Rudi Voller
37%
9 1978-1986 Karl-Heinz Rummenigge
24%
9 1958-1970 Uwe Seeler
20%
4 1974-1982 Paul Breitner
17%
4 1986-1994 Andreas Brehme
15%
4 1998-2002 Oliver Bierhoff
15%
10 1954-1958 Helmut Rahn
12%
4 1954 Ottmar Walter
10%
6 1962-1970 Helmut Haller
7%
7 1954-1962 Hans Schafer
5%
4 1934 Edmund Conen
2%
6 1954 Max Morlock
2%
Nie znaleziono quizów pasujących do podanych kryteriów
Rozkład punktacji
Procent ludzi z każdym wynikiem
Percentyl według liczby udzielonych odpowiedzi
Twoja historia wyników
Nie rozwiązałeś tego quizu